000 00992cam a22002895i 4500
001 22139030
003 OSt
005 20250420134825.0
008 210716t20172017nyua 001 0 eng
010 _a 2020519329
020 _a9780134275253 (International Efdition)
040 _aDLC
_beng
_erda
_cKCST
042 _apcc
082 _a428.24
_bAz Un
100 1 _aAzar, Betty Schrampfer,
_d1941-
_eauthor.
_95540
245 1 0 _aUnderstanding and using English grammar /
_cBetty S. Azar, Stacy A. Hagen.
250 _a5th
260 _aHoboken, NJ :
_bPearson Education,
_c[2017]
300 _axiii, 492 pages :
_bcolor illustrations ;
_c26 cm
500 _aIncludes index.
500 _a"With Essential online Resources access code inside" -- Cover page.
650 _aEnglish language
_vTextbooks for foreign speakers.
_94734
650 _aEnglish language
_vGrammar
_xProblems, exercises, etc.
_95541
700 1 _aHagen, Stacy A.,
_d1956-
_eauthor.
_95700
942 _cBK
942 _2ddc
999 _c816
_d816